Hardships of a pinned section staff

Uloženo v:
Podrobná bibliografie
Korporativní autor: Asian Productivity Organization
Médium: Kniha
Jazyk:Undetermined
Vydáno: Tokyo Asian Productivity Organization 1965
Témata:
Tagy: Přidat tag
Žádné tagy, Buďte první, kdo otaguje tento záznam!
Thư viện lưu trữ: Trung tâm Học liệu Trường Đại học Cần Thơ
LEADER 00517nam a2200181Ia 4500
001 CTU_98561
008 210402s9999 xx 000 0 und d
082 |a 001.3 
082 |b A832 
110 |a Asian Productivity Organization 
245 0 |a Hardships of a pinned section staff 
245 0 |c Asian Productivity Organization 
260 |a Tokyo 
260 |b Asian Productivity Organization 
260 |c 1965 
650 |a Hardships 
904 |i Hiếu 
980 |a Trung tâm Học liệu Trường Đại học Cần Thơ